00440 2200169 4500001002100000005001500021035002000036007000300056008004100059020001800100082000800118084001800126100002300144245005400167260003300221990001600254INLIS00000000000246920260313094644 a0010-0326000417ta260313 0  a9786233272384 a853 a853 AUG t C.10 aAUGUSTO DE ANGELIS1 aTERBUNUHNYA SEORANG BANKIR :bThe Murdered Banker ayogyakarta :bLaksana,c2022 a2026/h/0525